1762 1306 1113 1057 1672 1472 1107 1174 1931 1788 1517 1667 1556 1547 1031 1309 1791 1257 1112 1332 1756 1254 1637 1446 1651 1466 1113 1906 1588 1034 1176 1412 1958 1871 1985 1855 1005 1603 1536 1210 1282 1356 1809 1065 1716 1015 1443 1859 1096 1471 1933 1822 1433 1581 1474 1157 1467 1152 1776 1673 1318 1383 1115 1162 1972 1293 1960 1842 1540 1362 1214 1770 1033 1958 1140 1300 1318 1220 1925 1646 1016 1800 1054 1369 1064 1608 1252 1961 1300 1093 1547 1899 1076 1298 1502 1898 1883 1495 1339 BCNSPRNW ULIB Ver.6.0+V

เปลี่ยนเป็นภาษาไทย

Change to English
 แสดงรายละเอียดบรรณานุกรม
  กลับหน้าหลัก

Brief Record : Get Marc (ISO 2709) : E-mail record : QR code < ปิดหน้าต่าง
LEADER : 00000nas 2200000uu 4500
001    13399122790
003     ULIB
008    130926s||||||||th 000 0 tha d
022 0  19068670
110 1  สมาคมนักประชากรไทย มหาวิทยาลัยมหิดล
245 00 วารสารประชากร=^nThai Population Journal
310    ราย 6 เดือน
500    เอกสารทางวิชาการของสมาคมนักประชากรไทย
700 0  ปราโมทย์ ประสาทกุล,^eบรรณาธิการ
850    ^aปีที่ 4 ฉบับที่ 1
945    ^p0^l0^i901606
999    ^aเกษร โพธิ์สุวรรณ
รายการนี้ยังไม่มีแท็ก
คุณยังไม่ได้ล็อกอิน คุณสามารถมีกิจกรรมร่วมกับเว็บไซต์ได้ แต่ต้องล็อกอินก่อน ::
  ล็อกอิน

รายการสื่อสารสนเทศ (วารสาร)

ดูแบบ: กล่อง รายการ
ARRIVED
ปีที่ 4 ฉบับที่ 1
สถานที่: ห้องสมุดวิทยาเขตสวรรค์ประชารักษ์ >วารสาร

BibComment


ยังไม่เคยถูกคอมเมนท์

คอมเมนท์ทรัพยากรรายการนี้
  คอมเมนท์: วารสารประชากร Tha..


 Copyright 2026. Bcnsprnw @Library